000
00282nam a2200109Ia 4500
008
230907s9999||||xx |||||||||||||| ||und||
082
_a
660.2
_b
AUS
245
0
_a
Shreve's Chemical process industries /
260
_a
McGraw-Hill,
_b
New Delhi :
_c
2016
300
_a
859 p.
942
_c
BK
999
_c
600645
_d
600645